Score 0/12 Timer 03:00
1 Play Today
% Correct
Perfectly Serena
97.8%
A
Hero
Rises
97.6%
The Modern
Royals
97.4%
The Bush
Legacy
94.7%
I'm a Teacher in America
93.4%
The Optimists
93.2%
Person of the Year
93.1%
The FBI
in Crisis
91.4%
The Opioid
Diaries
91.3%
Enough.
90.3%
Redder. Bluer.
Trumpier.
86.1%
The
Wave
Makers
73.9%
Remove Ads.
Support Sporcle.
Get the best of Sporcle when you Go Orange. This ad-free experience offers more features, more stats, and more fun while also helping to support Sporcle. Thank you for becoming a member.

You're not logged in!

Compare scores with friends on all Sporcle quizzes.
OR
Log In

Show Comments

Extras

Top Quizzes Today


Score Distribution

Your Account Isn't Verified!

In order to create a playlist on Sporcle, you need to verify the email address you used during registration. Go to your Sporcle Settings to finish the process.

Report this User

Report this user for behavior that violates our Community Guidelines.

Details: